Skip to main content
Your cart is empty.
Your lists
Log in to create your own lists
Your cookies
العربية
English
العربية
Home
Search
Advanced search
Authority search
About
The noble scholar, jurist, historian
His Excellency Dr. Abdul Wahhab bin Ibrahim Abu Sulaiman, may Allah have mercy on him.
He was born in Umm Al-Qura in the year 1356 AH.
Library catalog
Title
Author
Subject
ISBN
ISSN
Series
Call number
Log in to your account
×
Login:
Password:
Home
MARC view: تحقيق المذهب يتلوها أجوبة العلماء بين مؤيد ومعارض حول دعوى كتابة الرسول صلى الله عليه وسلم لاسمه يوم صلح الحديبية /
Normal view
MARC view
ISBD view
تحقيق المذهب يتلوها أجوبة العلماء بين مؤيد ومعارض حول دعوى كتابة الرسول صلى الله عليه وسلم لاسمه يوم صلح الحديبية / (Record no. 2634)
[
view plain
]
MARC details
000 -LEADER
fixed length control field
01823cam a22003011i 4500
003 - CONTROL NUMBER IDENTIFIER
control field
SA-RiAUC
005 - DATE AND TIME OF LATEST TRANSACTION
control field
20241122153041.0
008 - FIXED-LENGTH DATA ELEMENTS--GENERAL INFORMATION
fixed length control field
241121s1983 su g b 000 0 ara c
040 ## - CATALOGING SOURCE
Original cataloging agency
SA-JeALM
Language of cataloging
ara
Transcribing agency
SA-RiAUC
Description conventions
rda
082 04 - DEWEY DECIMAL CLASSIFICATION NUMBER
Classification number
242
Assigning agency
SA-RiAUC
090 ## - LOCALLY ASSIGNED LC-TYPE CALL NUMBER (OCLC); LOCAL CALL NUMBER (RLIN)
Classification number (OCLC) (R) ; Classification number, CALL (RLIN) (NR)
242
Local cutter number (OCLC) ; Book number/undivided call number, CALL (RLIN)
ا ب و و
100 1# - MAIN ENTRY--PERSONAL NAME
Personal name
أبو الوليد الباجي، سليمان بن خلف بن سعد،
Dates associated with a name
403-474 هجري
Relator term
مؤلف.
245 10 - TITLE STATEMENT
Title
تحقيق المذهب يتلوها أجوبة العلماء بين مؤيد ومعارض حول دعوى كتابة الرسول صلى الله عليه وسلم لاسمه يوم صلح الحديبية /
Statement of responsibility, etc.
لأبي الوليد سليمان بن خلف الباجي ؛ تحقيق أبو عبد الرحمن بن عقيل الظاهري.
250 ## - EDITION STATEMENT
Edition statement
الطبعة الأولى.
264 #1 - PRODUCTION, PUBLICATION, DISTRIBUTION, MANUFACTURE, AND COPYRIGHT NOTICE
Place of production, publication, distribution, manufacture
الرياض :
Name of producer, publisher, distributor, manufacturer
دار عالم الكتب،
Date of production, publication, distribution, manufacture, or copyright notice
1983
300 ## - PHYSICAL DESCRIPTION
Extent
380 صفحة ؛
Dimensions
25 سم
336 ## - CONTENT TYPE
Content type term
نص
Content type code
txt
Source
rdacontent
Materials specified
كتاب
337 ## - MEDIA TYPE
Media type term
بدون وسيط
Media type code
n
Source
rdamedia
338 ## - CARRIER TYPE
Carrier type term
مجلد
Carrier type code
nc
Source
rdacarrier
504 ## - BIBLIOGRAPHY, ETC. NOTE
Bibliography, etc. note
ببليوجرافية : صفحة 359-380.
600 07 - SUBJECT ADDED ENTRY--PERSONAL NAME
Personal name
محمد (صلى الله عليه وسلم)،
Dates associated with a name
53 قبل الهجرة-11 هجري
Source of heading or term
aucnm
650 #7 - SUBJECT ADDED ENTRY--TOPICAL TERM
Topical term or geographic name entry element
السيرة النبوية
Source of heading or term
aucsh
650 #7 - SUBJECT ADDED ENTRY--TOPICAL TERM
Topical term or geographic name entry element
صلح الحديبية
Source of heading or term
aucsh
700 1# - ADDED ENTRY--PERSONAL NAME
Personal name
الظاهري، أبو عبد الرحمن بن عقيل،
Dates associated with a name
1357 هجري-
Relator term
محقق.
700 12 - ADDED ENTRY--PERSONAL NAME
Relationship information
تحقيق لـ (عمل) :
Personal name
أبو الوليد الباجي، سليمان بن خلف بن سعد،
Dates associated with a name
403-474 هجري
Title of a work
تحقيق المذهب يتلوها أجوبة العلماء بين مؤيد ومعارض حول دعوى كتابة الرسول صلى الله عليه وسلم لاسمه يوم صلح الحديبية.
942 ## - ADDED ENTRY ELEMENTS (KOHA)
Source of classification or shelving scheme
Dewey Decimal Classification
Koha item type
Books
Suppress in OPAC
No
949 ## - LOCAL PROCESSING INFORMATION (OCLC)
a
SA-JeALM
d
241121
u
mohamedma123
n
1
Holdings
Withdrawn status
Lost status
Source of classification or shelving scheme
Damaged status
Not for loan
Home library
Current library
Date acquired
Total checkouts
Full call number
Barcode
Date last seen
Price effective from
Koha item type
Dewey Decimal Classification
DR AbdElwahab Library
DR AbdElwahab Library
11/22/2024
242 ا ب و و
000004111
11/22/2024
11/22/2024
Books
Place hold
Print
Add to your cart
(remove)
Save record
BIBTEX
Dublin Core
MARCXML
MARC (non-Unicode/MARC-8)
MARC (Unicode/UTF-8)
MARC (Unicode/UTF-8, Standard)
MODS (XML)
RIS
ISBD
More searches
Search for this title in:
Other Libraries (WorldCat)
Other Databases (Google Scholar)
Online Stores (Bookfinder.com)
Open Library (openlibrary.org)
Exporting to Dublin Core...
×
Simple DC-RDF
OAI-DC
SRW-DC